00325nam a22001217a 4500020001500000040000900015082001800024100002100042110003600063245003000099260003300129650004100162 a0071189823 cNUST a621.3822bSAL aSalivahanan, S.  aVallavaraj, A. Gnanapriya, C.  aDigital Signal Processing aBoston,bMcGraw-Hill,c2000. aSignal processing Digital techniques